| 000 | 01411aam a2200541a 44500 | ||
|---|---|---|---|
| 008 | 930309s1992 cat | ||
| 017 | _aB-29011-1992 | ||
| 020 | _a8488169019 | ||
| 041 | _acat | ||
| 041 | _beng | ||
| 041 | _bspa | ||
| 080 | _a514(038) | ||
| 080 | _a744(038) | ||
| 110 |
_aTERMCAT _960609 |
||
| 245 | _aDiccionari de dibuix tècnic | ||
| 245 | _cFundació Barcelona | ||
| 245 | _cTERMCAT, Centre de Terminologia | ||
| 260 | _aBarcelona | ||
| 260 | _bFundació Barcelona | ||
| 260 | _c1992 | ||
| 300 |
_a133 p. _c22 cm. |
||
| 365 | _b1.413 | ||
| 365 | _cptes | ||
| 490 | _aDiccionaris Terminològics | ||
| 500 | _aArbre de camp, sinònims, categoria gramatical | ||
| 500 | _aÍndexs anglès i castellà: p. 103. Bibliografia: p. 129-131. | ||
| 500 | _btermcat | ||
| 520 | _a790 | ||
| 546 | _acatalà | ||
| 591 | _aDIBTEC | ||
| 592 | _aObra terminològica | ||
| 593 | _aHQL | ||
| 594 | _a3700 | ||
| 650 |
_adibuix geomètric _961033 |
||
| 650 |
_adibuix tècnic _961032 |
||
| 710 |
_aFundació Barcelona _960610 |
||
| 710 |
_aFundació Barcelona _960610 |
||
| 830 |
_aDiccionaris Terminològics _960611 |
||
| 901 | _c<1992> | ||
| 902 | _a930309 | ||
| 942 |
_cMO _n0 _2ddc |
||
| 999 |
_c51169 _d51169 |
||